000 00278nam a22001217a 4500
008 171012b xxu||||| |||| 00| 0 eng d
041 _aeng
080 _a316
100 _a50
101 _aSOC
245 _aFOUNDATIONS OF SOCIAL OF THEORY
_cCOLEMAN.J.S
942 _2udc
_cBK
999 _c33297
_d33297